000 00796nam a2200217Ia 4500
003 GCL
005 20240530110858.0
008 140319s1999 ua 000 0 ara d
016 _a99/10593
_2مصر. دار الكتب
020 _a9770163597
040 _aGCL /
_cGCL
082 0 4 _a306/
_bأ ع
_221
100 0 _aالسيد يسين
245 1 2 _aالعولمة والطريق الثالث /
_cالسيد يسين
260 _aالقاهرة :
_bالهيئة المصرية العامة للكتاب،
_c1999.
300 _a160 ص ؛
_c19 سم.
490 0 _aمكتبة الاسرة :مهرجان القراءة للجميع : سلسلة الاعمال الفكرية ؛
_v99.
650 0 7 _aالعولمة
_2qrmak
650 0 7 _2qrmak
_aالثقافة
_xالعولمة
942 _2ddc
_cBK
999 _c66083
_d66083